00871nam a2200205 a 4500008004100000020001500041050001900056100001900075245006700094246004900161260005300210300002100263350000900284650002000293650002600313650006500339995011000404999001700514952013400531120416s1996 ||||||||||||||||| || u a0130320951 aTK 7868.P7 Hos aHossain, Akram10aComputer-aided electronic circuit board design and fabrication ausing OrCAD/SDT and OrCAD/PCB software tools aUpper Saddle River, N.J.bFT Prentice-Hallc1996 axv, 489p. : ill. a0.00 aCAD/CAM SYSTEMS aCOMPUTER-AIDED DESIGN aPrinted circuits - Design and construction - Data processing D0.00FCBU-MAIN LIBRARY (Kitwe)H1I27.95M1UAVAILABLEWApr 19, 2007ZMain Library Open Access Collection c38211d38211 00102lcc4070a001b001cMain Library Open Access Collectiond2022-11-30l0oTK 7868.P7 Hosp40465r2022-11-30w2022-11-30y002